| 000 | 00929cam a22002415a 4500 | ||
|---|---|---|---|
| 001 | 17130971 | ||
| 005 | 20201128024340.0 | ||
| 008 | 120123s2012 enka frb 001 0 eng d | ||
| 020 | _a9780123868862 | ||
| 040 |
_aBTCTA _beng _cBTCTA _dUKMGB _dYDXCP _dBWX _dYNK _dCUV _dCDX _dNLE _dDLC _dEG-ScBUE |
||
| 082 | 0 | 4 |
_222 _a005.8 _bKLE |
| 100 | 1 | _aKleidermacher, David. | |
| 245 | 1 | 0 |
_aEmbedded systems security : _bpractical methods for safe and secure software and systems development / _cDavid Kleidermacher, Mike Kleidermacher. |
| 260 |
_aOxford ; _aWaltham : _bNewnes / Elsevier, _c2012. |
||
| 300 |
_axx, 396 p. : _bill. ; _c24 cm. |
||
| 500 | _aIncludes free news online membership. | ||
| 504 | _aIncludes bibliographical references and index. | ||
| 650 | 7 |
_aComputer software _xDevelopment. _2BUEsh _911535 |
|
| 650 | 7 |
_aComputer security. _2BUEsh _92637 |
|
| 653 |
_bCOMSCI _cMay2018 |
||
| 700 | 1 | _aKleidermacher, Mike. | |
| 942 | _2ddc | ||
| 999 |
_c26692 _d26664 |
||